[Event "Verden op-B"]
[Site "Verden"]
[Date "2023.01.07"]
[Round "5"]
[White "Kiesel, Lara"]
[Black "Nordhorn, Horst"]
[Result "0-1"]
[WhiteElo "1701"]
[BlackElo "1663"]
[PlyCount "148"]
[EventDate "2023.01.05"]
[EventType "swiss"]
[EventRounds "7"]
[EventCountry "GER"]
[SourceTitle "CBM 212 Extra"]
[Source "ChessBase"]
[SourceDate "2023.03.31"]
[SourceVersion "1"]
[SourceVersionDate "2023.03.31"]
[SourceQuality "1"]

1. e4 e5 2. Bc4 Nc6 3. Nf3 Be7 4. d3 d6 5. a4 Nf6 6. 0-0 0-0 7. Re1 Bg4 8. c3 Qd7 9. a5 a6 10. Nbd2 Be6 11. b4 Bxc4 12. dxc4 Nd8 13. Nf1 Ne6 14. g3 h6 15. Qd3 Nh7 16. Nxe5 Qc8 17. Nf3 Neg5 18. Nxg5 hxg5 19. Ne3 Qh3 20. Qf1 Qxf1+ 21. Kxf1 c6 22. Nf5 Bf6 23. Bd2 Rad8 24. Rab1 Rfe8 25. f4 gxf4 26. gxf4 g6 27. Nd4 Re7 28. Re3 Rde8 29. Rbe1 Bg7 30. Kg2 Nf6 31. Kf3 Nd7 32. b5 c5 33. Nc2 g5 34. fxg5 Ne5+ 35. Ke2 Nxc4 36. Rd3 Rxe4+ 37. Kf2 Nxd2 38. Rxd2 Rxe1 39. Nxe1 Bxc3 40. Re2 Rxe2+ 41. Kxe2 Bxa5 42. bxa6 bxa6 43. Nc2 Kh7 44. Kd3 Kg6 45. h4 Kh5 46. Ne3 Be1 47. Nc4 Bg3 48. Nd2 Bxh4 49. Ne4 Bxg5 50. Nxd6 Kg6 51. Ne4 Be7 52. Kc4 f5 53. Nf2 Kg5 54. Kb3 Kh4 55. Ka4 c4 56. Ka5 c3 57. Kxa6 c2 58. Nd3 Ba3 59. Kb5 c1Q 60. Nxc1 Bxc1 61. Kc4 Kg3 62. Kd3 Kg2 63. Ke2 f4 64. Ke1 f3 65. Kd1 Ba3 66. Kd2 f2 67. Ke3 Bc5+ 68. Kd3 f1Q+ 69. Kc3 Qb5 70. Kc2 Qc4+ 71. Kb2 Bb4 72. Kb1 Qe2 73. Kc1 Ba3+ 74. Kb1 Qb2# 0-1

[Event "Verden op-B"]
[Site "Verden"]
[Date "2023.01.07"]
[Round "6"]
[White "Stephan, Julius"]
[Black "Kiesel, Lara"]
[Result "1/2-1/2"]
[WhiteElo "1584"]
[BlackElo "1701"]
[PlyCount "52"]
[EventDate "2023.01.05"]
[EventType "swiss"]
[EventRounds "7"]
[EventCountry "GER"]
[SourceTitle "CBM 212 Extra"]
[Source "ChessBase"]
[SourceDate "2023.03.31"]
[SourceVersion "1"]
[SourceVersionDate "2023.03.31"]
[SourceQuality "1"]

1. c4 e5 2. Nc3 Nf6 3. g3 Bb4 4. Bg2 0-0 5. Nf3 Re8 6. d3 Bxc3+ 7. bxc3 e4 8. dxe4 Nxe4 9. Qc2 d6 10. 0-0 Nd7 11. Nd4 Ndc5 12. f3 Nf6 13. e4 Bd7 14. Be3 Ba4 15. Nb3 Nfd7 16. f4 Qe7 17. e5 dxe5 18. fxe5 Qxe5 19. Bd4 Qe7 20. Bd5 Ne6 21. Qf2 Bxb3 22. axb3 c6 23. Rae1 cxd5 24. cxd5 Ndf8 25. dxe6 Nxe6 26. Bxa7 Rac8 1/2-1/2

[Event "Verden op-B"]
[Site "Verden"]
[Date "2023.01.05"]
[Round "1"]
[White "Kiesel, Lara"]
[Black "Kesselhut, Pascal"]
[Result "1-0"]
[WhiteElo "1701"]
[BlackElo "1391"]
[PlyCount "83"]
[EventDate "2023.01.05"]
[EventType "swiss"]
[EventRounds "7"]
[EventCountry "GER"]
[SourceTitle "CBM 212 Extra"]
[Source "ChessBase"]
[SourceDate "2023.03.31"]
[SourceVersion "1"]
[SourceVersionDate "2023.03.31"]
[SourceQuality "1"]

1. e4 d5 2. exd5 Qxd5 3. Nc3 Qd8 4. d4 Nf6 5. h3 Bf5 6. Nf3 e6 7. Bc4 c6 8. 0-0 Bd6 9. Re1 0-0 10. Qe2 Nbd7 11. Bb3 Qc7 12. Ne5 Rfe8 13. Bd2 Rad8 14. Rad1 b5 15. a4 a6 16. Na2 Ne4 17. Nxd7 Rxd7 18. c4 Red8 19. Be3 bxa4 20. Bxa4 Qa5 21. b3 Rc7 22. c5 Be7 23. f3 Nc3 24. Qd2 Bxc5 25. Qxc3 Qxc3 26. Nxc3 Bb4 27. Rc1 Ba3 28. Ne4 Bxc1 29. Rxc1 e5 30. dxe5 Bxe4 31. fxe4 Re8 32. Rxc6 Rxc6 33. Bxc6 Rxe5 34. Bd4 Re6 35. Bd5 Re8 36. Kf2 Rc8 37. Kf3 Kf8 38. Bc4 Rxc4 39. bxc4 a5 40. Ke3 a4 41. c5 g6 42. Kd3 1-0

[Event "GER-chT Federal Cup (Women)"]
[Site "Braunfels"]
[Date "2022.06.18"]
[Round "4.20"]
[White "Buchholz, Maja Patricia"]
[Black "Kiesel, Lara"]
[Result "1-0"]
[WhiteElo "1945"]
[BlackElo "1737"]
[PlyCount "145"]
[EventDate "2022.06.15"]
[EventType "team-swiss"]
[EventRounds "5"]
[EventCountry "GER"]
[SourceTitle "EXT 2023"]
[Source "ChessBase"]
[SourceDate "2022.10.05"]
[SourceVersion "1"]
[SourceVersionDate "2022.10.05"]
[SourceQuality "1"]

1. c4 e5 2. g3 Nf6 3. Bg2 d5 4. cxd5 Nxd5 5. Nc3 Nb6 6. Nf3 Nc6 7. 0-0 Be7 8. a3 a5 9. d3 0-0 10. Be3 Be6 11. Na4 Nxa4 12. Qxa4 f6 13. Rac1 Qd7 14. Rfd1 Rfd8 15. Qb5 Nd4 16. Nxd4 exd4 17. Qxd7 Rxd7 18. Bf4 c6 19. h4 Bb3 20. Re1 a4 21. Bh3 Rdd8 22. Bc7 Re8 23. Bb6 Bd8 24. Bxd4 Ba5 25. Bc3 Bb6 26. d4 Rad8 27. e3 Kf7 28. Bb4 g6 29. Bf1 Ke6 30. Bc4+ Bxc4 31. Rxc4 f5 32. Rec1 Ra8 33. Kg2 Red8 34. Kf3 Rd5 35. Ke2 Kf6 36. Kd3 Rad8 37. Bc5 Bxc5 38. Rxc5 Ke6 39. R1c4 Rxc5 40. Rxc5 Ra8 41. f3 Ra6 42. Rc4 Kd6 43. e4 fxe4+ 44. fxe4 Ra8 45. Ke3 b5 46. e5+ Kd7 47. Rc2 Re8 48. Rf2 c5 49. Ke4 cxd4 50. Rd2 Rc8 51. Rxd4+ Ke7 52. Rb4 h5 53. Rxb5 Rc4+ 54. Kd5 Rc2 55. Rb7+ Ke8 56. Kd6 Rd2+ 57. Ke6 Kd8 58. Kf6 Rf2+ 59. Kxg6 Rg2 60. Kf6 Rxg3 61. Rb8+ Kc7 62. Rf8 Rf3+ 63. Ke7 Rg3 64. e6 Rg4 65. Rf2 Re4 66. Kf7 Kd6 67. Rd2+ Kc6 68. e7 Rf4+ 69. Ke6 Re4+ 70. Kf6 Rf4+ 71. Ke5 Rf1 72. e8Q+ Kb6 73. Rd6+ 1-0

[Event "Niedersachsen-ch op-B"]
[Site "Verden an der Aller"]
[Date "2020.01.03"]
[Round "3"]
[White "Kiesel, Lara"]
[Black "Ernst, Holger"]
[Result "0-1"]
[WhiteElo "1732"]
[BlackElo "1482"]
[PlyCount "90"]
[EventDate "2020.01.02"]
[EventType "swiss"]
[EventRounds "7"]
[EventCountry "GER"]
[SourceTitle "EXT 2023"]
[Source "ChessBase"]
[SourceDate "2022.10.05"]
[SourceVersion "1"]
[SourceVersionDate "2022.10.05"]
[SourceQuality "1"]

1. e4 d5 2. exd5 Nf6 3. d4 Nxd5 4. c4 Nf6 5. h3 c5 6. d5 e6 7. Nc3 exd5 8. cxd5 a6 9. a4 Bd6 10. Nf3 0-0 11. Be2 Nbd7 12. 0-0 Nb6 13. Bg5 Be7 14. Bxf6 Bxf6 15. d6 Re8 16. a5 Nd7 17. Qd5 Bxc3 18. bxc3 Rxe2 19. Rfe1 Rxe1+ 20. Rxe1 Nf6 21. Qxc5 Be6 22. Nd4 Bd5 23. Nf5 Be6 24. Nd4 Bd7 25. Qb4 Rb8 26. Qc4 Ne8 27. Qd5 Qf6 28. Re7 Rd8 29. Qb3 Nxd6 30. Re3 Nb5 31. Rf3 Nxd4 32. cxd4 Be6 33. Qxb7 Bd5 34. Rxf6 Bxb7 35. Rb6 Bc8 36. Rc6 Kf8 37. Rc7 Bd7 38. d5 Bb5 39. Rc5 Ke7 40. g3 Kd6 41. Rc1 Rd7 42. Rd1 Kc5 43. Kg2 Rxd5 44. Rc1+ Kb4 45. Rc7 Rd7 0-1

[Event "GER-chT U20 Girls"]
[Site "Braunschweig"]
[Date "2019.12.27"]
[Round "1.8"]
[White "Moeller, Lisa Marie"]
[Black "Kiesel, Lara"]
[Result "1/2-1/2"]
[WhiteElo "1934"]
[BlackElo "1732"]
[PlyCount "55"]
[EventDate "2019.12.27"]
[EventType "team-swiss"]
[EventRounds "7"]
[EventCountry "GER"]
[SourceTitle "CBM 194 Extra"]
[Source "ChessBase"]
[SourceDate "2020.03.31"]
[SourceVersion "1"]
[SourceVersionDate "2020.03.31"]
[SourceQuality "1"]
[WhiteTeam "Duesseldorf SK"]
[BlackTeam "Lehrte"]
[WhiteTeamCountry "GER"]
[BlackTeamCountry "GER"]

1. e4 e6 2. d4 d5 3. Nd2 c5 4. exd5 Qxd5 5. Ngf3 cxd4 6. Bc4 Qd7 7. 0-0 Nf6 8. Nb3 Nc6 9. Nbxd4 Nxd4 10. Nxd4 a6 11. c3 Bc5 12. Nb3 Qxd1 13. Rxd1 Ba7 14. Bf4 0-0 15. Be2 Bd7 16. Be5 Bc6 17. Na5 Be4 18. Bxf6 gxf6 19. Rd7 b5 20. Kf1 Rfd8 21. Rad1 Bb6 22. Rxd8+ Rxd8 23. Rxd8+ Bxd8 24. Nb3 Bb6 25. c4 bxc4 26. Bxc4 a5 27. Nd2 Bc6 28. f3 1/2-1/2

[Event "Hannover Bezirks-ch U16"]
[Site "Lehrte"]
[Date "2019.10.05"]
[Round "5.3"]
[White "Braun, Hannes"]
[Black "Kiesel, Lara"]
[Result "0-1"]
[WhiteElo "1212"]
[BlackElo "1748"]
[PlyCount "68"]
[EventDate "2019.10.03"]
[EventType "swiss"]
[EventRounds "7"]
[EventCountry "GER"]
[SourceTitle "EXT 2023"]
[Source "ChessBase"]
[SourceDate "2022.10.05"]
[SourceVersion "1"]
[SourceVersionDate "2022.10.05"]
[SourceQuality "1"]

1. b4 e5 2. Bb2 Bxb4 3. Bxe5 Nf6 4. Nf3 Nc6 5. Bc3 0-0 6. e3 d6 7. h3 h6 8. Bb5 Bxc3 9. Nxc3 Bd7 10. Qe2 Re8 11. Qd3 Nb4 12. Qc4 Nxc2+ 13. Ke2 Nxa1 14. Rxa1 c6 15. Ba4 b5 16. Nxb5 cxb5 17. Bxb5 Bxb5 18. Qxb5 Rb8 19. Qc4 d5 20. Qd4 Qb6 21. Qa4 Ne4 22. Nd4 Qb2 23. Nc2 Nc5 24. Qxe8+ Rxe8 25. Rc1 Qxc1 26. Nd4 Ne4 27. Nb3 Qc2 28. Kf3 Nxd2+ 29. Nxd2 Qxd2 30. Kg3 Re6 31. f4 Qxe3+ 32. Kh2 Qxf4+ 33. g3 Qf2+ 34. Kh1 Re1# 0-1

[Event "Hannover Bezirks op"]
[Site "Hannover"]
[Date "2019.03.23"]
[Round "4.8"]
[White "Mednik, Michael"]
[Black "Kiesel, Lara"]
[Result "0-1"]
[WhiteElo "1343"]
[BlackElo "1517"]
[PlyCount "118"]
[EventDate "2019.01.19"]
[EventType "swiss"]
[EventRounds "7"]
[EventCountry "GER"]
[SourceTitle "EXT 2023"]
[Source "ChessBase"]
[SourceDate "2022.10.05"]
[SourceVersion "1"]
[SourceVersionDate "2022.10.05"]
[SourceQuality "1"]

1. e4 e6 2. d4 d5 3. Nc3 Bb4 4. e5 c5 5. a3 Bxc3+ 6. bxc3 Ne7 7. Nf3 0-0 8. Bd3 h6 9. 0-0 Qc7 10. Nh4 c4 11. Be2 Nbc6 12. f4 f6 13. Be3 Bd7 14. Qd2 Qd8 15. Kh1 Be8 16. Rf2 Ng6 17. Nxg6 Bxg6 18. Rg1 Be4 19. Bf3 Bxf3 20. Rxf3 Ne7 21. g4 Qe8 22. Rfg3 f5 23. Qg2 Rf7 24. h4 fxg4 25. Rxg4 Nf5 26. Qd2 Qe7 27. Bf2 Qxa3 28. Rg6 Qe7 29. R1g4 a5 30. Qc1 a4 31. Qa1 a3 32. Qa2 Qd7 33. Rg1 Kh7 34. h5 Rff8 35. Ra1 Rfc8 36. Qb1 Rc6 37. Qb5 a2 38. Rgg1 Qc7 39. Qb2 Rb6 40. Qc1 Rb5 41. Kg2 Qb6 42. Kf3 Ra6 43. Ke2 Qa5 44. Kd2 Kg8 45. Rg2 Qa3 46. Qxa3 Rxa3 47. Rgg1 Kf7 48. Rh1 Ke7 49. Rhg1 Kd7 50. Rh1 Kc7 51. Rhg1 Ra6 52. Rh1 Rb2 53. Rhg1 Rab6 54. Rh1 Kc6 55. Rhg1 Kb5 56. Rh1 Ka4 57. Rhg1 Ka3 58. Rh1 Rb1 59. Rhxb1 Rxb1 0-1

[Event "Niedersachsen-ch op B"]
[Site "Verden"]
[Date "2019.01.05"]
[Round "5"]
[White "Kiesel, Lara"]
[Black "Rausch, Darius"]
[Result "0-1"]
[WhiteElo "1561"]
[BlackElo "1816"]
[PlyCount "90"]
[EventDate "2019.01.03"]
[EventType "swiss"]
[EventRounds "7"]
[EventCountry "GER"]
[SourceTitle "EXT 2022"]
[Source "ChessBase"]
[SourceDate "2021.10.06"]
[SourceVersion "1"]
[SourceVersionDate "2021.10.06"]
[SourceQuality "1"]

1. e4 c5 2. Nc3 d6 3. g3 Nc6 4. Bg2 g6 5. f4 Bg7 6. Nf3 Nf6 7. 0-0 0-0 8. d3 Rb8 9. h3 b5 10. a3 a5 11. g4 b4 12. axb4 axb4 13. Ne2 Nd7 14. Qe1 Bb7 15. h4 Ra8 16. Rb1 Qa5 17. Bd2 Qa2 18. h5 Ba6 19. hxg6 hxg6 20. Ng5 b3 21. Bc3 Nd4 22. Bxd4 cxd4 23. cxb3 Bxd3 24. Rd1 Bc2 25. Rd2 d3 26. Nc1 Qa7+ 27. Kh1 Qa6 28. Qh4 Rfb8 29. e5 Ra7 30. Bd5 e6 31. Qh7+ Kf8 32. Bxe6 Qc6+ 33. Kh2 Nc5 34. Bc4 Nxb3 35. Bxb3 Bxb3 36. Nxd3 Bc4 37. Qh3 Rb3 38. Rfd1 dxe5 39. fxe5 Bxd3 40. Rxd3 Bxe5+ 41. Kg1 Bd4+ 42. Kf1 Rxd3 43. Qxd3 Qh1+ 44. Ke2 Qg2+ 45. Ke1 Qf2# 0-1

[Event "GER-chT U14 Girls"]
[Site "Neumuenster"]
[Date "2018.12.29"]
[Round "5.1"]
[White "Kiesel, Lara"]
[Black "Falke, Ornella"]
[Result "1/2-1/2"]
[WhiteElo "1517"]
[BlackElo "1509"]
[PlyCount "63"]
[EventDate "2018.12.27"]
[EventType "team-swiss"]
[EventRounds "7"]
[EventCountry "GER"]
[SourceTitle "CBM 188 Extra"]
[Source "ChessBase"]
[SourceDate "2019.02.26"]
[SourceVersion "1"]
[SourceVersionDate "2019.02.26"]
[SourceQuality "1"]
[WhiteTeam "Lichtenberg Borussia"]
[BlackTeam "Elmshorn"]
[WhiteTeamCountry "GER"]
[BlackTeamCountry "GER"]

1. e4 c5 2. Nc3 a6 3. g3 e6 4. Bg2 Nc6 5. d3 Nf6 6. Be3 Be7 7. f4 d6 8. Nf3 Ng4 9. Bd2 Qb6 10. h3 Nh6 11. Na4 Qa7 12. g4 b5 13. Nc3 b4 14. Ne2 f5 15. g5 Nf7 16. exf5 exf5 17. Nh4 Qd7 18. Nxf5 Bf8 19. 0-0 g6 20. Ne3 h6 21. Nd5 Qb7 22. Qe1 Nfd8 23. Nf6+ Kf7 24. Ng3 Bg7 25. f5 gxf5 26. Nxf5 Bxf5 27. Rxf5 Qc8 28. Qe4 Nd4 29. Ng4+ Nxf5 30. Rf1 Kg6 31. Qxa8 Qxa8 32. Bxa8 1/2-1/2

[Event "GER-chT U14 Girls"]
[Site "Neumuenster"]
[Date "2018.12.28"]
[Round "4.1"]
[White "Dietz, Kristin"]
[Black "Kiesel, Lara"]
[Result "1-0"]
[WhiteElo "1735"]
[BlackElo "1517"]
[PlyCount "41"]
[EventDate "2018.12.27"]
[EventType "team-swiss"]
[EventRounds "7"]
[EventCountry "GER"]
[SourceTitle "CBM 188 Extra"]
[Source "ChessBase"]
[SourceDate "2019.02.26"]
[SourceVersion "1"]
[SourceVersionDate "2019.02.26"]
[SourceQuality "1"]
[WhiteTeam "Halle USV"]
[BlackTeam "Lichtenberg Borussia"]
[WhiteTeamCountry "GER"]
[BlackTeamCountry "GER"]

1. e4 e6 2. d4 d5 3. Nd2 c5 4. exd5 Qxd5 5. Ngf3 cxd4 6. Bc4 Qd7 7. 0-0 Nc6 8. Nb3 Nf6 9. Nbxd4 Bc5 10. Bb5 0-0 11. Be3 Bxd4 12. Nxd4 Nd5 13. Bxc6 bxc6 14. Nb3 Rd8 15. Qf3 e5 16. c4 Nxe3 17. fxe3 Bb7 18. Rad1 Qc7 19. Nc5 Rxd1 20. Rxd1 Bc8 21. Qxc6 1-0

[Event "Hannover Bezirk-ch U16"]
[Site "Hannover"]
[Date "2018.10.07"]
[Round "7.1"]
[White "Reimer, Philip"]
[Black "Kiesel, Lara"]
[Result "1-0"]
[WhiteElo "1666"]
[BlackElo "1517"]
[PlyCount "105"]
[EventDate "2018.10.04"]
[EventType "swiss"]
[EventRounds "7"]
[EventCountry "GER"]
[SourceTitle "EXT 2022"]
[Source "ChessBase"]
[SourceDate "2021.10.06"]
[SourceVersion "1"]
[SourceVersionDate "2021.10.06"]
[SourceQuality "1"]

1. d4 e6 2. Bf4 Nf6 3. e3 d5 4. Nd2 c5 5. c3 Nc6 6. Ngf3 Bd6 7. Bd3 Bxf4 8. exf4 cxd4 9. cxd4 Qd6 10. g3 0-0 11. 0-0 Bd7 12. Qe2 Nb4 13. Bb1 Rac8 14. Nb3 b6 15. a3 Nc6 16. Bd3 Rc7 17. Ne5 Qe7 18. Rac1 Qd6 19. Rc2 Nb8 20. Rxc7 Qxc7 21. Rc1 Qb7 22. Nd2 Rc8 23. Rxc8+ Qxc8 24. Ndf3 Nc6 25. Ng5 Be8 26. Qc2 h6 27. Ngxf7 Bxf7 28. Qxc6 Qxc6 29. Nxc6 a5 30. Ne7+ Kf8 31. Nc8 Nd7 32. Bb5 Be8 33. Nd6 Ke7 34. Nxe8 Kxe8 35. Kg2 Ke7 36. Bxd7 Kxd7 37. Kf3 Ke7 38. Kg4 g6 39. h4 Kf6 40. h5 Kf7 41. hxg6+ Kxg6 42. a4 h5+ 43. Kh4 Kh6 44. f3 Kg6 45. g4 hxg4 46. fxg4 Kh6 47. g5+ Kg6 48. Kg4 Kg7 49. Kh5 Kh7 50. g6+ Kg7 51. Kg5 Kf8 52. Kf6 Kg8 53. g7 1-0

[Event "Hannover Bezirk-ch U16"]
[Site "Hannover"]
[Date "2018.10.04"]
[Round "2.2"]
[White "Sauer, Joris"]
[Black "Kiesel, Lara"]
[Result "1-0"]
[WhiteElo "1624"]
[BlackElo "1517"]
[PlyCount "51"]
[EventDate "2018.10.04"]
[EventType "swiss"]
[EventRounds "7"]
[EventCountry "GER"]
[SourceTitle "EXT 2022"]
[Source "ChessBase"]
[SourceDate "2021.10.06"]
[SourceVersion "1"]
[SourceVersionDate "2021.10.06"]
[SourceQuality "1"]

1. e4 e6 2. d4 d5 3. Bd3 dxe4 4. Bxe4 Nf6 5. Bd3 c5 6. dxc5 Bxc5 7. Nc3 0-0 8. Nf3 Nc6 9. 0-0 Nd5 10. Ne4 Be7 11. a3 f5 12. Ng3 Kh8 13. Re1 Qd6 14. Bc4 a6 15. a4 a5 16. c3 b6 17. Qb3 Ba6 18. Bxd5 exd5 19. Ne2 Rab8 20. Bf4 Qd7 21. Bxb8 Rxb8 22. Rad1 Bc4 23. Qc2 Bf6 24. Nf4 Rd8 25. b3 Ba6 26. Nxd5 1-0

[Event "Niedersachsen-ch op B"]
[Site "Verden"]
[Date "2018.01.05"]
[Round "4"]
[White "Eschholz, Dario"]
[Black "Kiesel, Lara"]
[Result "1/2-1/2"]
[WhiteElo "1665"]
[BlackElo "1504"]
[PlyCount "73"]
[EventDate "2018.01.04"]
[EventType "swiss"]
[EventRounds "7"]
[EventCountry "GER"]
[SourceTitle "EXT 2022"]
[Source "ChessBase"]
[SourceDate "2021.10.06"]
[SourceVersion "1"]
[SourceVersionDate "2021.10.06"]
[SourceQuality "1"]

1. e4 e6 2. d4 d5 3. exd5 exd5 4. c4 dxc4 5. Bxc4 Nf6 6. Bg5 Bb4+ 7. Nc3 0-0 8. Nge2 Nc6 9. 0-0 h6 10. Bxf6 Qxf6 11. Qb3 Qh4 12. d5 Ne5 13. Qxb4 Qxc4 14. Qxc4 Nxc4 15. b3 Nd6 16. Nd4 Bd7 17. Rfe1 Rfe8 18. f3 a6 19. Rac1 Nf5 20. Nxf5 Bxf5 21. Ne4 Bxe4 22. fxe4 Re7 23. Kf2 Rae8 24. g4 g6 25. Kf3 Kg7 26. Rc4 g5 27. Rb4 b6 28. d6 a5 29. Rd4 cxd6 30. Rxd6 Re6 31. Rd5 Kg6 32. Rb5 Rc8 33. Re2 Rc3+ 34. Kg2 Rd3 35. Rf2 Kg7 36. Rbf5 f6 37. Re2 1/2-1/2

[Event "Hannover Bezirk-ch U14"]
[Site "Lehrte"]
[Date "2017.10.29"]
[Round "4.1"]
[White "Reimer, Philip"]
[Black "Kiesel, Lara"]
[Result "1-0"]
[WhiteElo "1503"]
[BlackElo "1467"]
[PlyCount "53"]
[EventDate "2017.10.28"]
[EventType "swiss"]
[EventRounds "7"]
[EventCountry "GER"]
[SourceTitle "EXT 2022"]
[Source "ChessBase"]
[SourceDate "2021.10.06"]
[SourceVersion "1"]
[SourceVersionDate "2021.10.06"]
[SourceQuality "1"]

1. e4 e6 2. d4 d5 3. e5 c5 4. c3 Qb6 5. Nf3 Nc6 6. a3 Nh6 7. b4 cxd4 8. cxd4 Nf5 9. Be3 Bd7 10. g3 Be7 11. Bg2 0-0 12. 0-0 f6 13. Re1 Qd8 14. Nbd2 fxe5 15. dxe5 Nxe3 16. Rxe3 Rc8 17. Nb3 b6 18. Nbd4 Nxd4 19. Nxd4 Rc7 20. Rc1 Qc8 21. Rxc7 Qxc7 22. Bh3 Qc8 23. Qd2 Bg5 24. f4 Bh6 25. Rc3 Qe8 26. Rc7 a5 27. Rxd7 1-0

[Event "Lueneburg op-B"]
[Site "Lueneburg"]
[Date "2017.07.16"]
[Round "9"]
[White "Reuther, Guido"]
[Black "Kiesel, Lara"]
[Result "1/2-1/2"]
[WhiteElo "1477"]
[BlackElo "1392"]
[PlyCount "59"]
[EventDate "2017.07.08"]
[EventType "swiss"]
[EventRounds "9"]
[EventCountry "GER"]
[SourceTitle "CBM 179 Extra"]
[Source "ChessBase"]
[SourceDate "2017.08.23"]
[SourceVersion "1"]
[SourceVersionDate "2017.08.23"]
[SourceQuality "1"]

1. c4 e6 2. Nc3 Nf6 3. e4 d5 4. cxd5 exd5 5. exd5 Nxd5 6. Qe2+ Be7 7. Qe4 Nf6 8. Qd3 0-0 9. Be2 Qxd3 10. Bxd3 Re8 11. Nge2 Nc6 12. 0-0 Nb4 13. Bb1 Bd7 14. a3 Nbd5 15. d4 Bc6 16. Bd3 Rad8 17. Nxd5 Nxd5 18. Bd2 Rd6 19. Rfe1 Red8 20. Bc4 Bf6 21. Rac1 Nb6 22. Bf4 Nxc4 23. Rxc4 R6d7 24. Be3 Bb5 25. Rc2 Bd3 26. Rd2 Bg6 27. b4 h6 28. h3 Bh7 29. Rc1 c6 30. d5 1/2-1/2

[Event "Hannover-ch U14"]
[Site "Lehrte"]
[Date "2016.10.04"]
[Round "7"]
[White "Kiesel, Lara"]
[Black "Hofmann, Justin"]
[Result "1-0"]
[WhiteElo "1333"]
[BlackElo "1296"]
[PlyCount "63"]
[EventDate "2016.10.01"]
[EventType "swiss"]
[EventRounds "7"]
[EventCountry "GER"]
[SourceTitle "EXT 2020"]
[Source "ChessBase"]
[SourceDate "2019.10.17"]
[SourceVersion "1"]
[SourceVersionDate "2019.10.17"]
[SourceQuality "1"]

1. e4 e5 2. Nf3 Nc6 3. Bb5 d6 4. d4 Bd7 5. 0-0 exd4 6. Nxd4 Nxd4 7. Bxd7+ Qxd7 8. Qxd4 Nf6 9. Nc3 Be7 10. Be3 0-0 11. Kh1 c6 12. Qd3 Rfd8 13. Rad1 Qc7 14. f4 h6 15. Rf3 Re8 16. Rg1 Rad8 17. Bc1 d5 18. e5 Nh7 19. g4 f6 20. exf6 Bxf6 21. g5 hxg5 22. Rh3 Nf8 23. fxg5 Be5 24. g6 Rd6 25. Rg5 Nxg6 26. Rxg6 Bd4 27. Rxd6 Re1+ 28. Kg2 Rg1+ 29. Kf3 Qf7+ 30. Bf4 g5 31. Rd8+ Kg7 32. Rh7+ 1-0

[Event "Hannover-ch U14"]
[Site "Lehrte"]
[Date "2016.10.01"]
[Round "1"]
[White "Kiesel, Lara"]
[Black "Glowienka, Anastasia"]
[Result "1-0"]
[WhiteElo "1333"]
[BlackElo "929"]
[PlyCount "71"]
[EventDate "2016.10.01"]
[EventType "swiss"]
[EventRounds "7"]
[EventCountry "GER"]
[SourceTitle "EXT 2020"]
[Source "ChessBase"]
[SourceDate "2019.10.17"]
[SourceVersion "1"]
[SourceVersionDate "2019.10.17"]
[SourceQuality "1"]

1. e4 e5 2. Nf3 Nc6 3. Bb5 a6 4. Bxc6 dxc6 5. 0-0 Nf6 6. Nxe5 Bd6 7. Nf3 0-0 8. e5 Bc5 9. exf6 Qxf6 10. d4 Rd8 11. Bg5 Rxd4 12. Bxf6 Rxd1 13. Rxd1 gxf6 14. Rd8+ Kg7 15. Nc3 Be7 16. Re8 Bc5 17. Ne4 Bb6 18. Rd1 a5 19. Rdd8 Ra6 20. Rxc8 a4 21. Ra8 Ba7 22. Kf1 b5 23. Nc5 Ra5 24. Rec8 b4 25. Nd3 b3 26. axb3 axb3 27. cxb3 Ra1+ 28. Ke2 Ra6 29. Rxc7 c5 30. Raxa7 Re6+ 31. Kd2 Rd6 32. Rxf7+ Kg6 33. Rg7+ Kh6 34. Rxh7+ Kg6 35. Nh4+ Kg5 36. Rag7# 1-0